000 00445nam a22001937a 4500
003 OSt
005 20120302143843.0
008 081217t xxu||||| |||| 00| 0 eng d
035 _a9544
040 _cenglish
100 _ajyoti solapurkar
_922
245 _amahatma gandhi
250 _a1997 1st
260 _amumbai
_bjyotsna
300 _b24p
600 _ajyoti solapurkar
_923
700 _ajyoti solapurkar
_924
942 _2ddc
_cBOOK
999 _c485964
_d485961